000 00527nam a2200193 i 4500
001 101166
003 ES-MaACL
007 t|
008 051013q1953 sp ||||1| spa d
100 1 _aMautner, Betti.
_979288
245 1 0 _aCopias por contacto /
_cBetti Mautner.
250 _a[1ª ed.].
260 _aBarcelona :
_bOmega,
_c[1953?]
300 _a69 p. con 4 lám. :
_bil. ;
_c16 cm.
490 1 _aFoto biblioteca
830 0 _aFoto biblioteca
_9181378
852 _aES-MaACL
_jC-8059
_bR.35498
999 _c101166
_d101166